[Event "Romanian Open 2016"]
[Site "Alba Iulia ROU"]
[Date "2016.03.16"]
[Round "1.9"]
[White "Deac, Bogdan Daniel"]
[Black "Patrascu, Catalin  Lucian"]
[Result "1-0"]
[WhiteElo "2486"]
[BlackElo "2234"]
[PlyCount "79"]
[EventDate "2016.03.16"]

1. c4 Nf6 2. Nc3 e6 3. Nf3 b6 4. e4 Bb7 5. Bd3 d6 6. Bc2 c5 7. d4 cxd4 8. Nxd4
Be7 9. O-O O-O 10. b3 a6 11. Bb2 Nbd7 12. f4 Re8 13. Qe2 Qc7 14. Kh1 Bf8 15.
Nf3 e5 16. fxe5 dxe5 17. Nd5 Nxd5 18. exd5 h6 19. Nh4 e4 20. Qf2 Ne5 21. Qg3
Rac8 22. Nf5 Ng6 23. d6 Qd7 24. h4 Rc5 25. Qg4 Bc8 26. Bxe4 Rxe4 27. Qxe4 Rxf5
28. Rxf5 Qxf5 29. Qxf5 Bxf5 30. Rd1 Bd7 31. Bd4 f6 32. Bxb6 Kf7 33. Bf2 Ke6 34.
c5 Bc6 35. Bg3 Ne5 36. h5 Kd7 37. Bxe5 fxe5 38. Rf1 Ke8 39. Rf5 e4 40. b4 1-0

[Event "Romanian Open 2016"]
[Site "Alba Iulia ROU"]
[Date "2016.03.17"]
[Round "2.17"]
[White "Patrascu, Catalin  Lucian"]
[Black "Ambru, Dan Calin"]
[Result "1-0"]
[WhiteElo "2234"]
[BlackElo "2072"]
[PlyCount "107"]
[EventDate "2016.03.16"]

1. e4 c5 2. Nf3 Nc6 3. d4 cxd4 4. Nxd4 g6 5. Nc3 Bg7 6. Be3 Nf6 7. Nxc6 bxc6 8.
e5 Ng8 9. Bd4 f6 10. f4 Qa5 11. exf6 Nxf6 12. Bc4 d5 13. Bb3 Bg4 14. Qd2 Ne4
15. Qe3 e5 16. Bxe5 Bxe5 17. fxe5 Rf8 18. h3 Be6 19. Rf1 Rxf1+ 20. Kxf1 Nxc3
21. bxc3 c5 22. Qf3 c4 23. Bxc4 Qc5 24. Ba6 Kd7 25. Ke2 Rf8 26. Qe3 Qc7 27. Rb1
Rb8 28. Bb5+ Kc8 29. Kd2 Rb6 30. Rb4 Qe7 31. Be2 Rc6 32. a4 Bf5 33. a5 Re6 34.
Rb5 Rxe5 35. Qc5+ Qxc5 36. Rxc5+ Kb8 37. Bf3 Be4 38. Bxe4 Rxe4 39. Rxd5 Ra4 40.
Kd3 Kc7 41. g3 Ra1 42. Rg5 Rd1+ 43. Kc4 Rc1 44. h4 Rxc2 45. h5 Ra2 46. hxg6
hxg6 47. Kb5 Rb2+ 48. Ka6 Rc2 49. Rxg6 Rxc3 50. Kxa7 Rb3 51. a6 Kc8 52. Rg8+
Kc7 53. g4 Rb5 54. g5 1-0

[Event "Romanian Open 2016"]
[Site "Alba Iulia ROU"]
[Date "2016.03.18"]
[Round "3.12"]
[White "Dolana, Andrei Theodor"]
[Black "Patrascu, Catalin  Lucian"]
[Result "1-0"]
[WhiteElo "2341"]
[BlackElo "2234"]
[PlyCount "51"]
[EventDate "2016.03.16"]

1. d4 Nf6 2. c4 e6 3. Nc3 Bb4 4. e3 c5 5. Bd3 Nc6 6. Nf3 Bxc3+ 7. bxc3 d6 8.
O-O O-O 9. Nd2 e5 10. Ne4 Qe7 11. Qc2 h6 12. Ba3 Nxe4 13. Bxe4 Bd7 14. Rae1
Rae8 15. f4 Na5 16. Bd5 e4 17. f5 Bc6 18. f6 gxf6 19. Rf4 Bxd5 20. cxd5 Nc4 21.
Bc1 Kh7 22. Qf2 Nb6 23. c4 Nxc4 24. Rxf6 Kg7 25. Qg3+ Kh7 26. Qf4 1-0

[Event "Romanian Open 2016"]
[Site "Alba Iulia ROU"]
[Date "2016.03.19"]
[Round "4.13"]
[White "Patrascu, Catalin  Lucian"]
[Black "Secheres, Adrian Simion"]
[Result "1/2-1/2"]
[WhiteElo "2234"]
[BlackElo "2284"]
[PlyCount "98"]
[EventDate "2016.03.16"]

1. d4 Nf6 2. Nf3 g6 3. c4 Bg7 4. Nc3 O-O 5. e4 d6 6. Be2 Nbd7 7. O-O e5 8. Re1
exd4 9. Nxd4 Re8 10. Bf1 c6 11. Nc2 Nc5 12. f3 Qe7 13. Bf4 Rd8 14. Qd2 Nh5 15.
Be3 a5 16. Rad1 Be6 17. g4 Nf6 18. Bg5 Ncd7 19. b3 Ne5 20. Bg2 a4 21. h3 axb3
22. axb3 Ned7 23. Nd4 Qe8 24. Qf4 Ra5 25. Nxe6 fxe6 26. Rxd6 Qf8 27. e5 Rxe5
28. Red1 Rxg5 29. Qxg5 Bh6 30. Qh4 Bf4 31. Rxe6 Qb4 32. Rxd7 Qb6+ 33. Kh1 Nxd7
34. Re7 Nf8 35. Qf6 Qd4 36. Qxd4 Rxd4 37. Re4 Rd3 38. Rxf4 Rxc3 39. b4 g5 40.
Re4 Ng6 41. Kg1 Nf4 42. Bf1 Kf7 43. h4 h6 44. hxg5 hxg5 45. Kf2 Rc2+ 46. Ke3
Rc3+ 47. Kf2 Rc2+ 48. Ke3 Rc3+ 49. Kf2 Rc2+ 1/2-1/2

[Event "Romanian Open 2016"]
[Site "Alba Iulia ROU"]
[Date "2016.03.19"]
[Round "5.15"]
[White "Lupu, Ovidiu-Jean"]
[Black "Patrascu, Catalin  Lucian"]
[Result "0-1"]
[WhiteElo "2192"]
[BlackElo "2234"]
[PlyCount "90"]
[EventDate "2016.03.16"]

1. e4 c5 2. Nc3 Nc6 3. f4 g6 4. Nf3 Bg7 5. Bb5 Nd4 6. O-O Nxb5 7. Nxb5 d5 8.
Nc3 d4 9. Nb1 d3 10. c4 Bg4 11. Nc3 Nf6 12. h3 Bd7 13. Ne5 Nh5 14. Qf3 Be6 15.
Nd5 Bxe5 16. fxe5 Qb8 17. g4 Ng7 18. b3 h5 19. Bb2 hxg4 20. hxg4 Rh4 21. Ne3
Qc8 22. Kg2 Qd7 23. Kg3 Rh8 24. Rh1 O-O-O 25. Rxh8 Rxh8 26. Rh1 Rf8 27. Rh7 Ne8
28. Nd5 Nc7 29. Qxd3 Bxg4 30. Qe3 Bh5 31. Kh2 Ne6 32. Bc3 b6 33. a4 Kb7 34. Qh3
Qd8 35. Qh4 Bd1 36. b4 Bxa4 37. bxc5 bxc5 38. Nxe7 g5 39. Qe1 Qxe7 40. Qb1+ Ka8
41. Qf1 Nf4 42. Qf2 Bc6 43. d4 cxd4 44. Bxd4 Rd8 45. Kg3 Rxd4 0-1

[Event "Romanian Open 2016"]
[Site "Alba Iulia ROU"]
[Date "2016.03.20"]
[Round "6.10"]
[White "Toma, Radu Cristian"]
[Black "Patrascu, Catalin  Lucian"]
[Result "1-0"]
[WhiteElo "2319"]
[BlackElo "2234"]
[PlyCount "40"]
[EventDate "2016.03.16"]

1. Nf3 Nf6 2. c4 e6 3. Nc3 Bb4 4. e3 c5 5. Be2 Nc6 6. O-O O-O 7. Qc2 d5 8. a3
Bxc3 9. dxc3 b6 10. b4 Qe7 11. cxd5 exd5 12. bxc5 bxc5 13. c4 dxc4 14. Bxc4 Bg4
15. Bb2 Rfd8 16. Ng5 Be6 17. Bxf6 Qxf6 18. Qxh7+ Kf8 19. Qh5 Qe5 20. Bxe6 fxe6
1-0

[Event "Romanian Open 2016"]
[Site "Alba Iulia ROU"]
[Date "2016.03.21"]
[Round "7.13"]
[White "Patrascu, Catalin  Lucian"]
[Black "Padeiro, J."]
[Result "1/2-1/2"]
[WhiteElo "2234"]
[BlackElo "2348"]
[PlyCount "120"]
[EventDate "2016.03.16"]

1. e4 c6 2. d4 d5 3. exd5 cxd5 4. c4 Nf6 5. Nc3 Nc6 6. Bg5 e6 7. c5 Be7 8. Bb5
Bd7 9. Nf3 O-O 10. O-O Ne4 11. Nxe4 dxe4 12. Bxc6 Bxc6 13. Bxe7 Qxe7 14. Ne5
Bd5 15. Qc2 Rfd8 16. Rac1 a5 17. b3 Qg5 18. Rfe1 f6 19. Nc4 Bxc4 20. Qxc4 Qd5
21. Qxd5 exd5 22. c6 bxc6 23. Rxc6 Rab8 24. Ra6 Rb4 25. Rd1 a4 26. bxa4 Rc8 27.
h3 Rc2 28. Ra5 Rbb2 29. Rf1 e3 30. Rxd5 exf2+ 31. Kh2 Rxa2 32. a5 Kf7 33. Rf5
Ke6 34. Rf3 Kd5 35. Rf4 h5 36. g3 Rd2 37. Kg2 Rxd4 38. R4xf2 Rda4 39. Rxa2
Rxa2+ 40. Rf2 Ra3 41. Rf5+ Kd4 42. Rf4+ Ke5 43. h4 Rxa5 44. Rb4 Ra2+ 45. Kf3
Rd2 46. Rb5+ Rd5 47. Rb7 g6 48. Re7+ Kf5 49. Re3 Ra5 50. Rb3 Rd5 51. Ra3 g5 52.
hxg5 fxg5 53. g4+ hxg4+ 54. Kg3 Rd4 55. Ra5+ Kg6 56. Ra8 Rf4 57. Rb8 Kh5 58.
Rh8+ Kg6 59. Rg8+ Kf5 60. Rf8+ Kg6 1/2-1/2

[Event "Romanian Open 2016"]
[Site "Alba Iulia ROU"]
[Date "2016.03.22"]
[Round "8.14"]
[White "Patrascu, Catalin  Lucian"]
[Black "Banzea, Alexandru Bogdan"]
[Result "1/2-1/2"]
[WhiteElo "2234"]
[BlackElo "2268"]
[PlyCount "76"]
[EventDate "2016.03.16"]

1. e4 c6 2. d4 d5 3. exd5 cxd5 4. c4 Nf6 5. Nc3 Nc6 6. Bg5 Be6 7. Nf3 g6 8. Be2
Bg7 9. cxd5 Nxd5 10. O-O h6 11. Bh4 O-O 12. Qd2 Rc8 13. Rfd1 Nxc3 14. bxc3 Bd5
15. Rab1 a6 16. Rxb7 g5 17. Nxg5 hxg5 18. Qxg5 Qa5 19. c4 Bxc4 20. Bxc4 Qxg5
21. Bxg5 Na5 22. Bxa6 Nxb7 23. Bxb7 Rc7 24. Bf3 Rd8 25. d5 Kf8 26. h4 Be5 27.
g3 Rc2 28. Rd2 Rxd2 29. Bxd2 Rb8 30. Be3 Rb2 31. a4 Ra2 32. Bh6+ Kg8 33. Be3
Rxa4 34. Kg2 Kg7 35. Bc5 Bd6 36. Be3 Be5 37. Bc5 Bd6 38. Be3 Be5 1/2-1/2

[Event "Semifinale Brasov 2016"]
[Site "?"]
[Date "2016.02.12"]
[Round "7.5"]
[White "Anuta, Laurentiu "]
[Black "Patrascu, Catalin  Lucian"]
[Result "0-1"]
[WhiteElo "1909"]
[BlackElo "2225"]
[Annotator "Anuta Laurentiu"]
[PlyCount "64"]
[EventDate "2016.02.15"]

1. Nf3 Nf6 2. d4 e6 3. b3 c5 4. e3 d5 5. Bb2 Bd6 6. Bd3 O-O 7. O-O Nc6 8. a3 b6
9. Nbd2 Bb7 10. Ne5 Rc8 11. f4 $11 (11. c4) 11... Ne7 12. Qf3 $6 (12. Ng4 $11)
12... Qc7 $2 (12... Nf5 $15) 13. Qh3 $11 (13. dxc5 $1 $14) 13... Ne4 14. Bxe4
$2 (14. dxc5) 14... dxe4 $15 15. Ndc4 $2 (15. c3 $1) 15... cxd4 $17 16. Nxd6 $2
(16. Bxd4) 16... Qxd6 $19 17. Nc4 Qd5 $17 (17... Qc6 $1 $19) 18. Bxd4 $17 Ba6
19. Rfd1 Bxc4 20. bxc4 $4 (20. Bxg7 $1 Kxg7 21. Rxd5 Bxd5 22. c4 Bc6 23. a4 $15
) 20... Qxc4 $19 21. c3 Nf5 22. g4 Nxd4 23. cxd4 Qd5 24. Qg2 Rc3 25. Qd2 Rfc8
26. Rdc1 Qb3 27. g5 g6 28. d5 $2 exd5 29. Qe1 Qb2 30. Kh1 Rc2 31. Rxc2 Rxc2 32.
Qg1 Rxh2+ 0-1

[Event "3rd Iasi Open"]
[Site "?"]
[Date "2016.06.17"]
[Round "?"]
[White "Frolyanov, Dmitry"]
[Black "Patrascu, Catalin  Lucian"]
[Result "1-0"]
[WhiteElo "2555"]
[BlackElo "2295"]
[PlyCount "70"]
[EventDate "2016.??.??"]

1. e4 c5 2. Nf3 e6 3. d4 cxd4 4. Nxd4 a6 5. Bd3 Nf6 6. O-O Qc7 7. Qe2 d6 8. f4
g6 9. f5 Bg7 10. Kh1 O-O 11. fxe6 fxe6 12. Bg5 Nc6 13. Nxc6 Qxc6 14. Nd2 Bd7
15. c3 Rae8 16. Rad1 Qc5 17. Be3 Qc7 18. Nf3 d5 19. e5 Nh5 20. Qd2 Bxe5 21.
Nxe5 Qxe5 22. Bh6 Rxf1+ 23. Rxf1 Ng7 24. Bf4 Qh5 25. Be2 Qh4 26. Bg5 Qe4 27.
Bd3 Qe5 28. Bf6 Qc7 29. Qg5 Bb5 30. c4 dxc4 31. Be2 Nf5 32. Bc3 Qe7 33. Qf4 Qd6
34. Qf2 Qc7 35. Kg1 e5 1-0

[Event "World Youth Open U18"]
[Site "?"]
[Date "2016.10.02"]
[Round "?"]
[White "Patrascu, Catalin  Lucian"]
[Black "Sukovic, Andrej"]
[Result "1-0"]
[WhiteElo "2263"]
[BlackElo "2114"]
[PlyCount "71"]
[EventDate "2016.??.??"]

1. e4 c5 2. Nf3 d6 3. Bb5+ Nd7 4. d4 cxd4 5. Qxd4 e5 6. Qd3 h6 7. O-O Ngf6 8.
c4 Be7 9. Nc3 O-O 10. Bxd7 Bxd7 11. b3 Bc6 12. Rd1 Qc8 13. h3 Qe6 14. Nd2 Bd8
15. Nf1 Bb6 16. Be3 Ba5 17. Nd5 Bxd5 18. cxd5 Qd7 19. Ng3 Rfc8 20. Rac1 Bb6 21.
Nf5 Bxe3 22. Qxe3 Kh7 23. Qf3 Ne8 24. Qg4 Rxc1 25. Rxc1 Rc8 26. Rxc8 Qxc8 27.
Ne7 Qc1+ 28. Kh2 g6 29. Qc8 Qf4+ 30. Kg1 Nf6 31. g3 Qd2 32. Qf8 Qe1+ 33. Kg2
Qxe4+ 34. Kh2 Ng4+ 35. hxg4 h5 36. g5 1-0

[Event "arad2016"]
[Site "?"]
[Date "2016.08.06"]
[Round "1.35"]
[White "Cusmuliuc, Diana Elena"]
[Black "Patrascu, Catalin  Lucian"]
[Result "0-1"]
[WhiteElo "1945"]
[BlackElo "2286"]
[PlyCount "78"]
[EventDate "2016.??.??"]

1. e4 {(%clk 1:30:33)} c5 {(%clk 1:30:22)} 2. Nc3 {(%clk 1:30:53)} g6 {
(%clk 1: 30:38)} 3. f4 {(%clk 1:30:18)} Nc6 {(%clk 1:31:00)} 4. Bb5 {
(%clk 1:30:00)} Nd4 {(%clk 1:31:20)} 5. Bc4 {(%clk 1:30:24)} Bg7 {
(%clk 1:31:32)} 6. Nf3 {(%clk 1: 29:48)} e6 {(%clk 1:31:28)} 7. O-O {
(%clk 1:29:39)} Ne7 {(%clk 1:28:03)} 8. d3 {(%clk 1:19:28)} O-O {(%clk 1:27:34)
} 9. e5 {(%clk 1:12:35)} d5 {(%clk 1:26:43)} 10. Bb3 {(%clk 1:10:19)} a6 {
(%clk 1:25:46)} 11. Ne2 {(%clk 1:08:46)} Nxf3+ {(%clk 1:14:52)} 12. Rxf3 {
(%clk 1:07:54)} f6 {(%clk 1:13:28)} 13. exf6 {(%clk 1:06:50)} Bxf6 {
(%clk 1:10:41)} 14. c3 {(%clk 1:07:09)} Nf5 {(%clk 1:09: 50)} 15. Be3 {
(%clk 1:01:51)} Qe7 {(%clk 0:55:30)} 16. d4 {(%clk 1:00:49)} Bd7 {
(%clk 0:54:53)} 17. Qd2 {(%clk 0:59:15)} b6 {(%clk 0:46:01)} 18. Re1 {
(%clk 0: 55:57)} Rac8 {(%clk 0:40:30)} 19. Bf2 {(%clk 0:56:22)} Qg7 {
(%clk 0:34:47)} 20. Bc2 {(%clk 0:52:16)} Nd6 {(%clk 0:32:10)} 21. dxc5 {
(%clk 0:51:28)} bxc5 {(%clk 0:31:47)} 22. b3 {(%clk 0:51:42)} Rfd8 {
(%clk 0:24:19)} 23. Ng3 {(%clk 0: 44:02)} Nb5 {(%clk 0:23:45)} 24. Ne2 {
(%clk 0:42:24)} Be8 {(%clk 0:17:23)} 25. a4 {(%clk 0:42:46)} Nd6 {
(%clk 0:16:25)} 26. Qe3 {(%clk 0:39:19)} d4 {(%clk 0: 08:13)} 27. Qxe6+ {
(%clk 0:37:46)} Bf7 {(%clk 0:08:40)} 28. Qh3 {(%clk 0:38:10)} Bd5 {
(%clk 0:05:54)} 29. Rg3 {(%clk 0:37:34)} Re8 {(%clk 0:05:21)} 30. f5 {
(%clk 0:36:12)} Ne4 {(%clk 0:03:07)} 31. Bxe4 {(%clk 0:35:51)} Bxe4 {
(%clk 0: 03:23)} 32. fxg6 {(%clk 0:36:16)} hxg6 {(%clk 0:03:47)} 33. Nxd4 {
(%clk 0:32: 47)} cxd4 {(%clk 0:03:34)} 34. Rxe4 {(%clk 0:33:10)} dxc3 {
(%clk 0:03:56)} 35. Be3 {(%clk 0:31:53)} c2 {(%clk 0:03:35)} 36. Bc1 {
(%clk 0:32:19)} Rcd8 {(%clk 0:01:42)} 37. Rxg6 {(%clk 0:32:26)} Qxg6 {
(%clk 0:01:59)} 38. Rg4 {(%clk 0:32:52)} Rd1+ {(%clk 0:01:52)} 39. Kf2 {
(%clk 0:33:16)} Bd4+ {(%clk 0: 02:13)} 0-1

[Event "arad2016"]
[Site "?"]
[Date "2016.08.07"]
[Round "2.2"]
[White "Patrascu, Catalin  Lucian"]
[Black "Balog, Imre"]
[Result "0-1"]
[WhiteElo "2286"]
[BlackElo "2559"]
[PlyCount "124"]
[EventDate "2016.??.??"]

1. e4 {(%clk 1:30:56)} e6 {(%clk 1:26:12)} 2. d4 {(%clk 1:31:16)} d5 {
(%clk 1: 26:36)} 3. Nd2 {(%clk 1:31:23)} Nc6 {(%clk 1:26:59)} 4. Ngf3 {
(%clk 1:31:25)} Nf6 {(%clk 1:27:18)} 5. e5 {(%clk 1:31:50)} Nd7 {(%clk 1:27:43)
} 6. Be2 {(%clk 1:32:01)} f6 {(%clk 1:27:08)} 7. exf6 {(%clk 1:32:25)} Nxf6 {
(%clk 1:27: 32)} 8. O-O {(%clk 1:19:02)} Bd6 {(%clk 1:27:31)} 9. c4 {
(%clk 1:18:13)} O-O {(%clk 1:27:37)} 10. c5 {(%clk 1:02:35)} Be7 {
(%clk 1:23:07)} 11. Bb5 {(%clk 1: 01:00)} Bd7 {(%clk 1:16:15)} 12. Re1 {
(%clk 0:45:13)} b6 {(%clk 1:16:14)} 13. Bxc6 {(%clk 0:39:31)} Bxc6 {
(%clk 1:16:38)} 14. Ne5 {(%clk 0:29:10)} Be8 {(%clk 1:16:38)} 15. c6 {
(%clk 0:26:18)} Bd6 {(%clk 1:16:40)} 16. b3 {(%clk 0: 20:22)} Kh8 {
(%clk 1:12:34)} 17. a4 {(%clk 0:18:30)} Qe7 {(%clk 1:12:36)} 18. Qe2 {
(%clk 0:16:27)} a5 {(%clk 1:12:03)} 19. Bb2 {(%clk 0:15:02)} Rd8 {
(%clk 1: 11:43)} 20. Rac1 {(%clk 0:13:52)} Nh5 {(%clk 1:09:47)} 21. g3 {
(%clk 0:12:33)} Nf6 {(%clk 1:10:12)} 22. Rc3 {(%clk 0:10:17)} Bb4 {
(%clk 1:09:55)} 23. Re3 {(%clk 0:08:42)} Rd6 {(%clk 1:07:48)} 24. Bc3 {
(%clk 0:05:16)} Ba3 {(%clk 1:06: 00)} 25. f3 {(%clk 0:02:04)} Bxc6 {
(%clk 1:05:25)} 26. Nb1 {(%clk 0:01:38)} Bb4 {(%clk 1:04:43)} 27. Bxb4 {
(%clk 0:01:54)} axb4 {(%clk 1:05:08)} 28. Nxc6 {(%clk 0:01:04)} Rxc6 {
(%clk 1:05:33)} 29. Rxe6 {(%clk 0:01:32)} Rxe6 {(%clk 1: 03:33)} 30. Qxe6 {
(%clk 0:01:57)} Qd8 {(%clk 1:03:58)} 31. Qe7 {(%clk 0:00:47)} Qxe7 {
(%clk 1:04:19)} 32. Rxe7 {(%clk 0:01:13)} Rc8 {(%clk 1:04:41)} 33. Nd2 {
(%clk 0:00:40)} Kg8 {(%clk 1:04:28)} 34. Kf2 {(%clk 0:00:35)} Kf8 {
(%clk 1:04: 32)} 35. Re6 {(%clk 0:00:58)} Kf7 {(%clk 1:04:29)} 36. Rc6 {
(%clk 0:01:21)} Ke7 {(%clk 1:04:54)} 37. Ke2 {(%clk 0:00:42)} Kd7 {
(%clk 1:04:15)} 38. Rc1 {(%clk 0:01:02)} Kd6 {(%clk 1:04:28)} 39. Nf1 {
(%clk 0:00:47)} Nd7 {(%clk 1:03: 37)} 40. Ne3 {(%clk 0:15:53)} g6 {
(%clk 1:19:04)} 41. Kd3 {(%clk 0:09:25)} Nb8 {(%clk 1:16:44)} 42. a5 {
(%clk 0:06:48)} Nc6 {(%clk 1:17:06)} 43. axb6 {(%clk 0:07:08)} cxb6 {
(%clk 1:17:31)} 44. Ng4 {(%clk 0:01:57)} Ra8 {(%clk 1:17: 09)} 45. f4 {
(%clk 0:00:45)} Ra3 {(%clk 1:16:58)} 46. Rb1 {(%clk 0:01:03)} Ra2 {
(%clk 1:17:13)} 47. Ne5 {(%clk 0:00:55)} Rxh2 {(%clk 1:16:35)} 48. Rc1 {
(%clk 0:00:46)} Ne7 {(%clk 1:16:20)} 49. Nf7+ {(%clk 0:00:39)} Ke6 {
(%clk 1:16: 19)} 50. Ng5+ {(%clk 0:00:41)} Kd7 {(%clk 1:16:42)} 51. Ra1 {
(%clk 0:00:50)} Nc6 {(%clk 1:17:07)} 52. Ra8 {(%clk 0:00:52)} Rg2 {
(%clk 1:17:22)} 53. Nxh7 {(%clk 0:00:32)} Rxg3+ {(%clk 1:17:46)} 54. Kd2 {
(%clk 0:00:57)} Nxd4 {(%clk 1: 18:08)} 55. Ra7+ {(%clk 0:00:55)} Kc6 {
(%clk 1:18:30)} 56. Ng5 {(%clk 0:01:04)} Nxb3+ {(%clk 1:18:51)} 57. Ke2 {
(%clk 0:01:22)} Nd4+ {(%clk 1:19:10)} 58. Kf2 {(%clk 0:01:44)} Rc3 {
(%clk 1:18:40)} 59. Nf7 {(%clk 0:01:45)} Rf3+ {(%clk 1:18: 13)} 60. Ke1 {
(%clk 0:02:08)} Rxf4 {(%clk 1:18:33)} 61. Ne5+ {(%clk 0:02:32)} Kb5 {
(%clk 1:18:59)} 62. Nxg6 {(%clk 0:02:52)} Rf6 {(%clk 1:19:26)} 0-1

[Event "arad2016"]
[Site "?"]
[Date "2016.08.10"]
[Round "6.10"]
[White "Patrascu, Catalin  Lucian"]
[Black "Bonte, Andrei-Mihai"]
[Result "1/2-1/2"]
[WhiteElo "2286"]
[BlackElo "2336"]
[PlyCount "59"]
[EventDate "2016.??.??"]

1. e4 {(%clk 1:30:56)} e6 {(%clk 1:21:11)} 2. d4 {(%clk 1:31:09)} d5 {
(%clk 1: 21:19)} 3. Nd2 {(%clk 1:31:28)} dxe4 {(%clk 1:20:42)} 4. Nxe4 {
(%clk 1:31:52)} Nd7 {(%clk 1:21:06)} 5. Nf3 {(%clk 1:31:33)} Ngf6 {
(%clk 1:21:18)} 6. Nxf6+ {(%clk 1:31:35)} Nxf6 {(%clk 1:21:46)} 7. c3 {
(%clk 1:31:52)} a6 {(%clk 1:08:33)} 8. Ne5 {(%clk 1:16:49)} Bd6 {(%clk 1:04:52)
} 9. Bd3 {(%clk 1:07:48)} c5 {(%clk 1:05:05)} 10. Qa4+ {(%clk 0:54:29)} Ke7 {
(%clk 1:01:51)} 11. Bg5 {(%clk 0:40:49)} Qc7 {(%clk 0:53:38)} 12. O-O {
(%clk 0:37:03)} Bxe5 {(%clk 0:31: 10)} 13. dxe5 {(%clk 0:37:16)} Qxe5 {
(%clk 0:31:37)} 14. Be3 {(%clk 0:20:46)} b6 {(%clk 0:14:08)} 15. Rfe1 {
(%clk 0:19:40)} Bb7 {(%clk 0:13:53)} 16. Bf1 {(%clk 0:17:51)} Qc7 {
(%clk 0:10:04)} 17. h3 {(%clk 0:12:51)} Rhd8 {(%clk 0:09: 18)} 18. Qh4 {
(%clk 0:10:31)} Rd5 {(%clk 0:07:57)} 19. Bf4 {(%clk 0:06:34)} Qc6 {
(%clk 0:07:40)} 20. Be5 {(%clk 0:06:37)} h6 {(%clk 0:05:00)} 21. c4 {
(%clk 0: 05:09)} Rd7 {(%clk 0:03:49)} 22. Re3 {(%clk 0:04:01)} Rg8 {
(%clk 0:02:35)} 23. Rg3 {(%clk 0:00:58)} g5 {(%clk 0:01:41)} 24. Qxh6 {
(%clk 0:01:18)} Rg6 {(%clk 0:01:08)} 25. Bxf6+ {(%clk 0:01:27)} Kxf6 {
(%clk 0:01:17)} 26. Qh8+ {(%clk 0:01:34)} Ke7 {(%clk 0:01:23)} 27. h4 {
(%clk 0:01:01)} Rd8 {(%clk 0:00: 40)} 28. Qe5 {(%clk 0:00:38)} g4 {
(%clk 0:00:38)} 29. h5 {(%clk 0:00:51)} Rgg8 30. h6 1/2-1/2

[Event "arad2016"]
[Site "?"]
[Date "2016.08.10"]
[Round "7.10"]
[White "Petrisor, Adrian-Marian"]
[Black "Patrascu, Catalin  Lucian"]
[Result "1/2-1/2"]
[WhiteElo "2401"]
[BlackElo "2286"]
[PlyCount "33"]
[EventDate "2016.??.??"]

1. e4 {(%clk 1:30:57)} e5 {(%clk 1:30:40)} 2. Nf3 {(%clk 1:31:17)} Nc6 {
(%clk 1:31:03)} 3. Bc4 {(%clk 1:31:29)} Bc5 {(%clk 1:31:15)} 4. d3 {
(%clk 1:30: 27)} Nf6 {(%clk 1:30:28)} 5. Bb3 {(%clk 1:27:42)} d6 {
(%clk 1:24:40)} 6. c3 {(%clk 1:27:43)} a6 {(%clk 1:24:16)} 7. h3 {
(%clk 1:22:45)} Ba7 {(%clk 1:23:48)} 8. Nbd2 {(%clk 1:20:38)} h6 {
(%clk 1:18:56)} 9. Nf1 {(%clk 1:18:10)} Be6 {(%clk 1:18:44)} 10. Ng3 {
(%clk 1:18:00)} Qd7 {(%clk 1:18:22)} 11. Ba4 {(%clk 1: 05:48)} b5 {
(%clk 1:07:57)} 12. Bb3 {(%clk 1:05:29)} d5 {(%clk 0:53:25)} 13. Qe2 {
(%clk 0:59:40)} O-O {(%clk 0:49:54)} 14. Nh4 {(%clk 0:54:13)} Rfd8 {
(%clk 0:42:19)} 15. Qf3 {(%clk 0:47:22)} dxe4 {(%clk 0:34:20)} 16. dxe4 {
(%clk 0:47:38)} Qd3 {(%clk 0:30:50)} 17. Qxd3 {(%clk 0:37:57)} 1/2-1/2

[Event "Campionatul Naíonal pe echipe-Divizia "]
[Site "Mamaia-jud.Constanta"]
[Date "2015.10.03"]
[Round "1.4"]
[White "Gavrilescu, David"]
[Black "Patrascu, Catalin  Lucian"]
[Result "1-0"]
[WhiteElo "2208"]
[BlackElo "2236"]
[PlyCount "113"]
[EventDate "2015.10.03"]
[EventType "team"]
[EventRounds "9"]
[WhiteTeam "SAH CLUB OLTENIA CRAIOVA"]
[BlackTeam "ACS PHEONIX  BUZAU"]

1. e4 c5 2. b3 Nc6 3. Bb2 Nf6 4. e5 Nd5 5. Nf3 g6 6. Bc4 Nb6 7. e6 f6 8. exd7+
Bxd7 9. Bd3 e5 10. O-O Bg7 11. Be4 O-O 12. Re1 Rc8 13. Nc3 Be6 14. d3 Qd7 15.
a4 Nd4 16. a5 Nd5 17. Nxd5 Bxd5 18. Bxd5+ Qxd5 19. Nd2 Rc6 20. Ne4 Rd8 21. h3
Ne6 22. Ra4 Qd7 23. Nd2 Ra6 24. Qg4 Nd4 25. Qxd7 Rxd7 26. Bxd4 cxd4 27. Nc4 Bf8
28. g4 h6 29. Kg2 Bd6 30. Kf3 Kf7 31. Rea1 Bc7 32. b4 Re6 33. b5 Bb8 34. a6 b6
35. Ke4 h5 36. Nd2 f5+ 37. Kf3 Rc7 38. gxf5 gxf5 39. Rc4 e4+ 40. Ke2 Rxc4 41.
Nxc4 Rg6 42. Nd2 e3 43. Nf3 Rg2 44. Nxd4 Rxf2+ 45. Kxe3 Bg3 46. Nc6 f4+ 47. Kd4
Rxc2 48. Nxa7 f3 49. Nc6 f2 50. a7 Ra2 51. Rxa2 f1=Q 52. a8=Q Qf6+ 53. Kc4 Qe6+
54. Kb4 Be1+ 55. Ka3 Qd6+ 56. Kb2 Qf6+ 57. Kb1 1-0

[Event "Campionatul Naíonal pe echipe-Divizia "]
[Site "Mamaia-jud.Constanta"]
[Date "2015.10.04"]
[Round "2.4"]
[White "Patrascu, Catalin  Lucian"]
[Black "Fortu, Alexandru"]
[Result "1-0"]
[WhiteElo "2236"]
[BlackElo "2116"]
[PlyCount "105"]
[EventDate "2015.10.03"]
[EventType "team"]
[EventRounds "9"]
[WhiteTeam "ACS PHEONIX  BUZAU"]
[BlackTeam "CSU ALEX BRA?OV"]

1. Nf3 c5 2. e4 d6 3. d4 cxd4 4. Nxd4 Nf6 5. Nc3 g6 6. Be3 Bg7 7. f3 Nc6 8. Qd2
O-O 9. O-O-O d5 10. Qe1 e5 11. Nxc6 bxc6 12. exd5 Nxd5 13. Bc4 Be6 14. Ne4 Qc7
15. Bc5 Rfd8 16. Qh4 h6 17. Ba3 Nf4 18. Bxe6 Nxe6 19. Qe7 Qxe7 20. Bxe7 Rxd1+
21. Rxd1 Nf4 22. g3 Nd5 23. Bc5 f5 24. Nf2 Bf8 25. Bxf8 Kxf8 26. c4 Ne3 27. Rd6
Kf7 28. Rxc6 Nf1 29. Nd3 Re8 30. Rc7+ Kf6 31. Rxa7 e4 32. Ra6+ Kf7 33. fxe4
fxe4 34. Nf4 e3 35. Ra7+ Kf6 36. Kd1 Nxh2 37. Ke2 Ng4 38. Nd5+ Ke5 39. Nxe3 Kd4
40. Rd7+ Kc5 41. Rd3 Ne5 42. Rd5+ Kb4 43. Kf2 Re6 44. Rb5+ Ka4 45. Nc2 Nd3+ 46.
Kg1 Nxb2 47. Rxb2 Re2 48. Rb4+ Ka5 49. Rb5+ Ka4 50. Nd4 Rxa2 51. Rb6 Rd2 52.
Nf3 Rd3 53. Kf2 1-0

[Event "Campionatul Naíonal pe echipe-Divizia "]
[Site "Mamaia-jud.Constanta"]
[Date "2015.10.05"]
[Round "3.4"]
[White "Daianu, Cristian Clement"]
[Black "Patrascu, Catalin  Lucian"]
[Result "1-0"]
[WhiteElo "2147"]
[BlackElo "2236"]
[PlyCount "87"]
[EventDate "2015.10.03"]
[EventType "team"]
[EventRounds "9"]
[WhiteTeam "CS OTOPENI"]
[BlackTeam "ACS PHEONIX  BUZAU"]

1. e4 e6 2. d4 d5 3. Nd2 Nf6 4. e5 Nfd7 5. Bd3 c5 6. c3 Nc6 7. Ngf3 Qb6 8. O-O
cxd4 9. cxd4 Nxd4 10. Nxd4 Qxd4 11. Nf3 Qb6 12. Qe2 h6 13. a3 Be7 14. Be3 Qd8
15. Rac1 g5 16. h3 a6 17. Bd2 Nxe5 18. Bc2 d4 19. Bb4 d3 20. Qe3 Bd7 21. Bb1 b6
22. Rfd1 Ba4 23. Rd2 Rc8 24. Bxd3 Nxd3 25. Rxc8 Qxc8 26. Rxd3 Bc5 27. Rc3 Qd7
28. Bxc5 bxc5 29. Qxc5 Qe7 30. Qc8+ Qd8 31. Qxa6 Qd1+ 32. Qf1 Qxf1+ 33. Kxf1
O-O 34. b3 Bb5+ 35. Ke1 Rd8 36. a4 Bd3 37. b4 Be4 38. b5 Rd5 39. Ke2 Kg7 40.
Ke3 Bxf3 41. Kxf3 Re5 42. b6 Rf5+ 43. Kg3 Rf4 44. Rb3 1-0